Kimsooja : ταξίδι στον κόσμο = Kimsooja : journey into the world

Αποθηκεύτηκε σε:
Λεπτομέρειες βιβλιογραφικής εγγραφής
Κύριος συγγραφέας: Kim, Soo-ja, 1957-
Μορφή: Βιβλίο
Γλώσσα:Greek
English
Δημοσίευση: Αθήνα : Εθνικό Μουσείο Σύγχρονης Τέχνης, 2005.
Θέματα:
Ετικέτες: Προσθήκη ετικέτας
Δεν υπάρχουν, Καταχωρήστε ετικέτα πρώτοι!

MARC

LEADER 00000cam a2200000 a 4500
001 1/109741
008 160126s2005####gr | ||| |||||||gre||
020 |a 9608349095 
040 |a GR-MyUa  |b gre  |c GR-MyUa  |e AACR2 
041 0 |a gre  |a eng 
082 7 |a 700.92   |2 (23)  
100 1 |a Kim, Soo-ja,   |d 1957- 
245 1 0 |a Kimsooja :   |b ταξίδι στον κόσμο = Kimsooja : journey into the world /   |c συντονισμός Ελισάβετ Ιωαννίδη ; κείμενα Jonathan Goodman ... [κ.ά.].  
246 1 |i Παράλληλος τίτλος:   |a Kimsooja : journey into the world  
260 |a Αθήνα :   |b Εθνικό Μουσείο Σύγχρονης Τέχνης,   |c 2005.  
300 |a 94 σ. :   |b εικ. ;   |c 29 εκ.  
500 |a "Ο κατάλογος εκδόθηκε με την ευκαιρία της έκθεσης ... που οργανώθηκε από το ΕΜΣΤ και παρουσιάστηκε στη νέα πτέρυγα του Μεγάρου Μουσικής Αθηνών από τις 15.02 έως τις 29.05.2005" -- Σημείωση στο verso.  
600 1 0 |a Kim, Soo-ja,   |d 1957-   |v Exhibitions. 
852 |a INST  |b SYROS  |e 20160126  |h 700.92 KIM  |p 005500011851  |q 005500011851  |t BK  |y 0 
970 |a Κοντού  |b Παρασκευή  |z 26/01/2015